Estudio de reactores de membrana para la distribución controlada de reactivos /

Guardado en:
Otros Autores: Rodríguez, María Laura. (Disertante), Borio, Daniel Oscar. (Orientador)
Formato: Manuscrito
Idioma:Spanish
Publicado: 2011.
Materias:
Etiquetas: Agregar Etiqueta
Sin Etiquetas, Sea el primero en etiquetar este registro!
LEADER 01089ntm a22002295a 4500
001 EIQ.libpla004596
008 160623s2011####xx#######bm###000#0#spa#d
005 20160623144309.0
245 1 0 |a Estudio de reactores de membrana para la distribución controlada de reactivos /  |c María Laura Rodríguez. 
260 |c 2011. 
300 |a DVD, xii, 226 p. ;  |c 12 cm. 
502 |a Tesis (Doctorado)--Universidad Nacional del Sur. Departamento de Ingeniería Química, 2011. 
500 |a Director de tesis: Dr. Daniel Oscar Borio e Ing. Mcs. Daniel Enrique Ardissone. 
504 |a Incluye referencias bibliográficas. 
538 |a 1 DVD 
530 |a Disponible en formato digital 
100 1 |a Rodríguez, María Laura.  |4 dis 
700 1 |a Borio, Daniel Oscar.  |4 ths 
710 2 |a Universidad Nacional del Sur. Departamento de Ingeniería Química  |4 dgg. 
650 7 |a Producción de etileno  |x Deshidrogenación oxidativa de etano  |x Gas de síntesis  |x Membranas 
650 7 |a Ethylene production  |x Oxidative dehydrogenation of ethane  |x Syngas  |x Membranes 
859 |a AR-BbSID  |b BIB. PLAPIQUI  |h 660.2995  |i R618  |p 6489